| 000 | 01142nam a2200337 a 4500 | ||
|---|---|---|---|
| 001 | 69111 | ||
| 003 | BD-RjUL | ||
| 005 | 20211209081842.0 | ||
| 008 | 170410s1986 nyua b 001 0 eng | ||
| 020 | _a0471888702 | ||
| 035 | _a(BD-RjUL)69322 | ||
| 035 | _aGLIS00258598 | ||
| 040 |
_aDLC _cDLC _dMYG _dBD-RjUL _beng |
||
| 041 | _aeng | ||
| 082 |
_223 _a547.70 _bFLU 1986 |
||
| 245 | 0 | 4 |
_aThe Fluctuating enzyme / _cedited by G. Rickey Welch. |
| 260 |
_aNew York : _bWiley, _cc1986. |
||
| 300 |
_axiii, 496 p. : _bill. ; _c24 cm. |
||
| 490 | 1 |
_aNonequilibrium problems in the physical sciences and biology, _vv. 5 |
|
| 500 | _a"A Wiley-Interscience publication." | ||
| 504 | _aIncludes bibliographies and index. | ||
| 650 | 0 |
_aEnzymes. _9163941 |
|
| 650 | 0 |
_aMolecular dynamics. _9204738 |
|
| 650 | 0 |
_aStructure-activity relationships (Biochemistry) _9204739 |
|
| 650 | 0 |
_aStereochemistry. _9159600 |
|
| 700 | 1 |
_aWelch, G. Rickey. _9204740 |
|
| 830 | 0 |
_aNonequilibrium problems in the physical sciences and biology ; _vv. 5. _9204741 |
|
| 942 |
_2ddc _cBK |
||
| 949 |
_aMYGS _b39080003714182 |
||
| 999 |
_c69111 _d69111 |
||